| 000 | 00902nam a22003015i 4500 | ||
|---|---|---|---|
| 001 | 16616 | ||
| 003 | ES-MaACL | ||
| 005 | 20230906151348.0 | ||
| 007 | t| | ||
| 008 | 001019s1993 sp ||||0| spa j | ||
| 020 | _a84-7509-916-5 | ||
| 040 |
_aM-BN _bspa _cM-BN |
||
| 080 | _a316.343.6 | ||
| 080 | _a316.344 | ||
| 100 | 1 |
_aLenski, Gerhard E. _971545 |
|
| 245 | 1 | 0 |
_aPoder y privilegio _b: teoría de la estratificación social / _cGerhard E. Lenski. |
| 250 | _a1ª ed., 1ª reimp. | ||
| 260 |
_aBarcelona : _bPaidós Ibérica, _c1969 ( _gimp. 1993) |
||
| 300 |
_a475 p. ; _c22 cm. |
||
| 490 | 1 |
_aPaidós básica ; _v68 |
|
| 504 | _aBibliografía: p. [459]-475. | ||
| 650 | 1 | 4 |
_aClases sociales. _911111 |
| 650 | 4 |
_aDesigualdad social. _911833 |
|
| 830 | 0 |
_aPaidós básica ; _v68 _9178397 |
|
| 852 |
_aES-MaACL _jL-23849 _bR.128637 |
||
| 999 |
_c16616 _d16616 |
||